000 00277nam a2200109Ia 4500
008 191206s9999 xx 000 0 und d
090 _aPR06CN161
245 0 _aDarkness at noon
260 _ccc1920
300 _a1 photographic print.
999 _c15782
_d15782